000 00770nam a2200217 i 4500
001 90536
003 ES-MaACL
005 20251212171747.0
007 t|
008 050121s1970 sp ||||1| spa d
100 1 _aLe Guillou, Marie-Joseph,
_d1920-1990
_970888
245 1 0 _aEvangelio y revolución
_b: en el corazón de nuestra crisis espiritual /
_cM.J. Le Guillou, Olivier Clement, Jean Bosc ; [versión de Pedro de la Cruz].
260 _a[Bilbao :
_bDesclée de Brouwer,
_c1970]
300 _a155 p. ;
_c19 cm.
650 4 _aCristianismo-
_xHistoria-
_yS.XX.
_9160094
700 1 _aClément, Olivier.
_939185
700 1 _aBosc, Jean.
_930631
700 0 _aCruz, Pedro de la
_941804
852 _aES-MaACL
_jC-47082
_bR.76055
999 _c90536
_d90536